000 00654nam a22002177a 4500
003 DO-SdBNP
005 20211101155321.0
007 ta
008 211101b2019 dr ||||| |||| 00| 0 eng d
020 _a9789945803945
040 _aDO-SdBNP
_bspa
_cBNPHU
082 4 _222
100 1 _aJiménez, Alvaro
_9739
245 1 0 _aUn país adolescente :
_bde la historia alternativa a una sociedad adulta /
_cAlvaro Jiménez ; prólogo Lourdes Febles
260 _aSanto Domingo :
_bCentenario,
_c2019.
300 _a250 p. ;
_c23 cm.
590 _aInventariado, 2021/BT
700 1 _aFebles, Lourdes,
_epról.
_980428
910 _aBtavárez
942 _2ddc
_cLBS1
999 _c50841
_d50841